000 00565nam a2200241 a 4500
001 nice12345678
003 IN_TiNIC
005 20260116012929.0
008 050524s0000 swia grp 000 0 urd
020 _a
_c100
082 0 0 _a242.2
_bISK
100 _aIskander, Jadeed
245 _aHam Dua Kaise Karen
260 _aSwitzerland
_bGood Way
_c0000
300 _a54p
500 _aincludes index and biblioraphy
505 2 _aIndex
650 _aPrayer-Christianity
700 1 _aIskander, Jadeed
902 _bSRS
942 _cBK
999 _c8940
_d8940